| 000 | 00634nam a22002177a 4500 | ||
|---|---|---|---|
| 001 | BD-DhSAU 2591 | ||
| 003 | BD-DhSAU | ||
| 005 | 20150129130613.0 | ||
| 008 | 150129b1981 ii a|||| |||| 001 0 eng d | ||
| 020 | _a0852264283 | ||
| 040 | _aBD-DhSAU | ||
| 082 |
_222 _a574.190202 _bJOL |
||
| 100 | _aJayaraman, J. | ||
| 245 |
_aLaboratory manual in biochemistry / _cJ. Jayaraman |
||
| 260 |
_aNew Deljhi : _bWilley Eastern Limited , _cc1981. |
||
| 300 |
_aviii, 180 p. : _bill. ; _c21 cm. |
||
| 504 | _aIncludes bibliographical references & index. | ||
| 590 | _aJerin | ||
| 650 | _a Chemistry | ||
| 650 |
_abiochemistry _vLaboratory manual |
||
| 942 |
_2ddc _cBOOK |
||
| 999 |
_c2591 _d2591 |
||